Learn MVC Project in 7 Days (Record no. 143855)

MARC details
000 -LEADER
fixed length control field 00386pam a2200157 a 4500
020 ## - INTERNATIONAL STANDARD BOOK NUMBER
International Standard Book Number 978-81-265-6790-4
Terms of availability
041 ## - LANGUAGE CODE
Language code of text/sound track or separate title eng
082 ## - DEWEY DECIMAL CLASSIFICATION NUMBER
Classification number 005.3
Item number MAR
100 ## - MAIN ENTRY--PERSONAL NAME
Personal name Sukesh Marla.
245 ## - TITLE STATEMENT
Title Learn MVC Project in 7 Days
Medium Textual Documents
250 ## - EDITION STATEMENT
Edition statement 1st ed /
Remainder of edition statement 2017.
260 ## - PUBLICATION, DISTRIBUTION, ETC.
Place of publication, distribution, etc. Delhi
Name of publisher, distributor, etc. BPB Publications
300 ## - PHYSICAL DESCRIPTION
Extent 185.
653 ## - INDEX TERM--UNCONTROLLED
Uncontrolled term computer Programming
930 ## - EQUIVALENCE OR CROSS-REFERENCE-UNIFORM TITLE HEADING [LOCAL, CANADA]
Uniform title 25164
Holdings
Withdrawn status Lost status Damaged status Not for loan Collection Home library Current library Date acquired Source of acquisition Cost, normal purchase price Total Checkouts Full call number Barcode Date last seen Copy number Price effective from Koha item type
          Institute of Management & Entrepreneurship Development, Pune Institute of Management & Entrepreneurship Development, Pune 07/03/2018 Bharati Madhyavarti Sahakari Grahak Bhandar Ltd. 297.00   005.3 MAR IMP-M-10269 01/03/2023 2 01/03/2023 Book
          Institute of Management & Entrepreneurship Development, Pune Institute of Management & Entrepreneurship Development, Pune 07/03/2018 Bharati Madhyavarti Sahakari Grahak Bhandar Ltd. 297.00   005.3 MAR IMP-M-10268 01/03/2023 1 01/03/2023 Book